LEADER 01269nam0 22003131i 450 001 VAN0025066 005 20180724094037.976 010 $a88-445-0058-2 100 $a20040930d1994 |0itac50 ba 101 $aita 102 $aIT 105 $a|||| ||||| 200 1 $aˆGli ‰aztechi$eil tragico destino di un impero$fSerge Gruzinski 210 $a[Torino]$cElecta$aGallimard$d1994 215 $a200 p.$cill.$d18 cm. 410 1$1001VAN0024525$12001 $aUniversale Electa/Gallimard$1210 $aMilano$cElecta Gallimard.$v45 500 1$3VAN0078629$aˆLe ‰destin bris de l'empire aztque$91400389 606 $aAztechi$3VANC011481$2FI 620 $dTorino$3VANL000001 676 $a972.018$v21 700 1$aGruzinski$bSerge$3VANV021067$0143591 712 $aElecta $3VANV113606$4650 712 $aGallimard $3VANV108211$4650 801 $aIT$bSOL$c20240719$gRICA 899 $aBIBLIOTECA DEL DIPARTIMENTO DI ARCHITETTURA E DISEGNO INDUSTRIALE$1IT-CE0107$2VAN01 912 $aVAN0025066 950 $aBIBLIOTECA DEL DIPARTIMENTO DI ARCHITETTURA E DISEGNO INDUSTRIALE$d01PREST IAa68(16) $e01 3146 20050913 996 $aDestin bris de l'empire aztque$91400389 997 $aUNICAMPANIA LEADER 01674nam0 22003733i 450 001 VAN00278864 005 20240828110145.903 017 70$2N$a9783031151750 100 $a20240701d2023 |0itac50 ba 101 $aeng 102 $aCH 105 $a|||| ||||| 200 1 $aMachine Learning and Big Data Analytics$e2nd International Conference on Machine Learning and Big Data Analytics-ICMLBDA, IIT Patna, India, March 2022$fRajiv Misra ... [et al.] editors 210 $aCham$cSpringer$d2023 215 $ax, 566 p.$cill.$d24 cm 606 $a68-XX$xComputer science [MSC 2020]$3VANC019670$2MF 606 $a68Txx$xArtificial intelligence [MSC 2020]$3VANC021266$2MF 610 $aArtificial Intelligence$9KW:K 610 $aBig Data$9KW:K 610 $aData Analytics$9KW:K 610 $aMachine learning$9KW:K 610 $aTechnologies$9KW:K 620 $aCH$dCham$3VANL001889 702 1$aMisra$bRajiv$3VANV229220 712 12$aInternational Conference on Machine Learning and Big Data Analytics$d2.$f2022$eIIT Patna, India$3VANV231407 712 $aSpringer $3VANV108073$4650 801 $aIT$bSOL$c20250606$gRICA 856 4 $uhttps://doi.org/10.1007/978-3-031-15175-0$zE-book ? Accesso al full-text attraverso riconoscimento IP di Ateneo, proxy e/o Shibboleth 899 $aBIBLIOTECA DEL DIPARTIMENTO DI MATEMATICA E FISICA$1IT-CE0120$2VAN08 912 $fN 912 $aVAN00278864 950 $aBIBLIOTECA DEL DIPARTIMENTO DI MATEMATICA E FISICA$d08DLOAD e-Book 9201 $e08eMF9201 20240702 996 $aMachine Learning and Big Data Analytics$94208857 997 $aUNICAMPANIA